The world of the incas: A socialistic state of the past. Translated by Anna Barwell

Saved in:
Bibliografiske detaljer
Hovedforfatter: Hanstein, Otfrid von (Author)
Format: Bog
Sprog:engelsk
Udgivet: Londres George Allen & Unwin Ltd 1924
Udgivelse:2a. ed
Fag:
Tags: Tilføj Tag
Ingen Tags, Vær først til at tagge denne postø!

MARC

LEADER 00000nam a2200000 a 4500
001 UCJ4971
003 CL-VaPUC
008 070124e19240000UK |||||||||||||||||eng|d
082 0 4 |a 985  |b HAN  |2 21 
100 0 |a Hanstein, Otfrid von  |e author  |9 509578 
245 1 4 |a The world of the incas: A socialistic state of the past. Translated by Anna Barwell 
250 |a 2a. ed 
300 |a 189 p 
942 |c BK 
945 |d 20070124 00:00:00  |a rinostro 
260 |a Londres  |b George Allen & Unwin Ltd  |c 1924 
500 |a Front., fotografía de la fortaleza inca de Allantaytambo 
600 0 7 |a HUASCAR  |2 CL-VaPUC  |9 477624 
600 0 7 |a HUAYNA CAPAC  |2 CL-VaPUC  |9 509579 
600 0 7 |a ATAHUALPA  |2 CL-VaPUC  |9 504423 
600 0 7 |a PIZARRO, FRANCISCO  |2 CL-VaPUC  |9 446370 
650 7 |a INCAS  |2 CL-VaPUC  |9 256565 
650 0 |a Arqueología   |9 265619 
650 7 |a INSTITUCIONES  |2 CL-VaPUC  |9 329701 
650 0 |a Cultura  |9 269059 
650 0 |a Vida social  |9 337244 
650 0 |a Conquista  |9 339504 
650 0 |a Ilustraciones  |9 369481 
650 7 |a MARCA TIPOGRAFICA  |2 CL-VaPUC  |9 506100 
651 0 |a Perú  |9 256567 
583 |a last modification  |c 20070124 00:00:00  |k Rodrigo Vera 
999 |c 321085  |d 321083 
952 |0 0  |1 0  |4 0  |6 985_000000000000000_HAN_1924  |7 0  |8 X  |9 399747  |a FDOBUD  |b FDOBUD  |d 2019-11-22  |i 1028383  |o 985 HAN 1924  |p 1028383  |r 2019-11-22  |w 2019-11-22  |y BK_X  |k BUD